Los Generales en sus laberintos /

保存先:
書誌詳細
第一著者: Posas Amador, Mario
フォーマット: テキスト
主題:
タグ: タグ追加
タグなし, このレコードへの初めてのタグを付けませんか!

MARC

LEADER 00000 a a2200000 04500
001 7096
003
040
100 |a Posas Amador, Mario  
245 |a Los Generales en sus laberintos /  |c Mario Posas Amador 
650 |a FUERZAS ARMADAS  
650 |a EDUCACION  
650 |a ESTADO  
650 |a SOCIEDAD CIVIL  
650 |a PARTIDOS POLITICOS  
773 |g volumen 14, número 158; páginas 48-52  
999 |c 30391  |d 30391